[Event "Let's Play Chess!"]
[Site "http://www.queenalice.com/game.php?id=982492"]
[Date "2011.9.7"]
[Round "-"]
[White "Zarathustra"]
[Black "muzzy1995"]
[Result "0-1"]
[WhiteElo "1734"]
[BlackElo "2042"]

1. e4 e6 2. d4 d5 3. exd5 exd5 4. Nf3 Nc6 5. Bd3 Bd6 6. O-O Nge7 7. Nc3 Bg4 8.
h3 Bh5 9. Re1 Nxd4 10. g4 Nxf3+ 11. Qxf3 Bg6 12. Nxd5 O-O 13. Bg5 f6 14. Nxe7+
Bxe7 0-1

[Event "Let's Play Chess!"]
[Site "http://www.queenalice.com/game.php?id=982493"]
[Date "2011.9.7"]
[Round "-"]
[White "muzzy1995"]
[Black "Zarathustra"]
[Result "1-0"]
[WhiteElo "2049"]
[BlackElo "1734"]

1. e4 d5 2. Nc3 d4 3. Nce2 e5 4. Ng3 Nf6 5. Bc4 h5 6. Nf3 h4 7. Ne2 Bd6 8. d3
Nbd7 9. Ng5 O-O 10. O-O Nb6 11. Bb3 c5 12. f4 Nh7 13. Nxh7 Kxh7 14. f5 Rh8 15.
Bxf7 1-0

[Event "Let's Play Chess!"]
[Site "http://www.queenalice.com/game.php?id=982559"]
[Date "2011.9.10"]
[Round "-"]
[White "muzzy1995"]
[Black "dnptrs"]
[Result "1/2-1/2"]
[WhiteElo "2036"]
[BlackElo "2203"]

1. e4 c5 2. c3 d6 3. d4 cxd4 4. cxd4 g6 5. Nc3 Bg7 6. f3 Nf6 7. Be3 O-O 8. Bd3
Ne8 9. Nge2 Nc6 10. O-O Bd7 11. Qd2 Nb4 12. Bb1 a5 13. Bh6 Bc6 14. a3 Na6 15.
Bxg7 Kxg7 16. Ng3 e5 17. dxe5 dxe5 18. Rd1 Qxd2 19. Rxd2 Nec7 20. Ba2 Rfd8 21.
Rad1 Rxd2 22. Rxd2 f6 23. Nf1 Kf8 24. Ne3 Ke8 25. Ncd5 Nxd5 26. Nxd5 Bxd5 27.
Bxd5 Rb8 28. Rd3 Ke7 29. Kf2 b5 30. Rc3 Rd8 31. Rc6 Rd6 32. Rc8 Rd8 1/2-1/2

[Event "Let's Play Chess!"]
[Site "http://www.queenalice.com/game.php?id=982560"]
[Date "2011.9.8"]
[Round "-"]
[White "dnptrs"]
[Black "muzzy1995"]
[Result "1-0"]
[WhiteElo "2201"]
[BlackElo "1948"]

1. d4 Nf6 2. Nf3 g6 3. g3 Bg7 4. Bg2 O-O 5. O-O d5 6. b3 Ne4 7. c3 c5 8. Bb2
cxd4 9. cxd4 Nc6 10. Nbd2 Qb6 11. e3 Nxd2 12. Qxd2 Bf5 13. Rfc1 Rac8 14. Ne5
Nxe5 15. dxe5 Rfd8 16. Rxc8 Bxc8 17. Rd1 Bg4 18. Bd4 Qb5 19. Bf1 Qd7 20. Rc1 Qe6
21. Rc7 Bxe5 22. Rxb7 Bb8 23. Qb4 Bd6 24. Qa5 Ra8 25. Rxa7 Rxa7 26. Qd8# 1-0

[Event "AUTO-OPEN-2470"]
[Site "http://www.queenalice.com/game.php?id=982625"]
[Date "2011.9.8"]
[Round "1"]
[White "Rubens2009"]
[Black "muzzy1995"]
[Result "1-0"]
[WhiteElo "1926"]
[BlackElo "1783"]

1. e4 e6 2. d4 d5 3. e5 c5 4. c3 Nc6 5. Nf3 Nh6 6. Bd3 cxd4 7. cxd4 Nf5 8. Bxf5
exf5 9. O-O Be6 10. Ng5 Be7 11. Nxe6 fxe6 12. Nc3 O-O 13. Ne2 Qb6 14. b3 Rac8
15. Bb2 Qa6 16. Nf4 Nd8 17. Qd2 Bg5 18. g3 Nc6 19. a4 Na5 20. Qe3 Bxf4 21. gxf4
Rc2 22. Ba3 Rfc8 23. Rfc1 Rxc1+ 24. Rxc1 Rxc1+ 25. Bxc1 Qc6 26. Bd2 b6 27. b4
Nc4 28. b5 Qe8 29. Qc3 Qg6+ 30. Kf1 Qh5 31. Kg2 Qg4+ 32. Kh1 Qd1+ 33. Be1 Qxa4
34. Qb4 Qxb4 35. Bxb4 Na5 36. Kg2 Kf7 37. Kf3 Ke8 38. Ke2 Kd7 39. Kd3 Kc7 40. h4
Kb7 41. Kc3 a6 42. bxa6+ Kxa6 43. h5 Kb5 44. Be7 1-0

[Event "AUTO-OPEN-2470"]
[Site "http://www.queenalice.com/game.php?id=982626"]
[Date "2011.9.8"]
[Round "1"]
[White "muzzy1995"]
[Black "Rubens2009"]
[Result "1-0"]
[WhiteElo "1927"]
[BlackElo "1819"]

1. e4 c5 2. c3 Nc6 3. d4 e6 4. Nf3 h6 5. d5 exd5 6. exd5 Qe7+ 7. Be2 Ne5 8. O-O
d6 9. Bb5+ Bd7 10. Bxd7+ Qxd7 11. Re1 O-O-O 12. Nxe5 dxe5 13. c4 f6 14. Nc3 a6
15. a3 Bd6 16. Rb1 Ne7 17. b4 Nf5 18. Ne4 b6 19. bxc5 Bxc5 20. Qb3 Nd4 21. Nxc5
Nxb3 22. Nxd7 Rxd7 23. Rxb3 b5 24. cxb5 Rb7 25. b6 Kd7 26. Be3 Rc8 27. Rc1 Rxc1+
28. Bxc1 Kd6 29. Be3 Kxd5 30. Rc3 Rd7 31. Rd3+ Kc6 32. Rxd7 Kxd7 33. a4 Kc6 34.
a5 Kb7 35. f4 e4 36. f5 Kc6 37. Kf2 Kb7 38. Kg3 1-0

[Event "AUTO-OPEN-2470"]
[Site "http://www.queenalice.com/game.php?id=982643"]
[Date "2011.9.8"]
[Round "1"]
[White "gedanix"]
[Black "muzzy1995"]
[Result "0-1"]
[WhiteElo "1906"]
[BlackElo "1963"]

1. e4 e6 2. d4 d5 3. Nc3 Bb4 4. e5 c5 5. a3 Bxc3+ 6. bxc3 Ne7 7. Qg4 Qc7 8. Qxg7
Rg8 9. Qxh7 cxd4 10. Ne2 Nbc6 11. f4 Bd7 12. Qd3 dxc3 13. Qxc3 Nf5 14. Rb1 O-O-O
15. Rg1 d4 16. Qb2 Na5 17. Nxd4 Nxd4 18. Qxd4 Qxc2 19. Qb2 Qe4+ 20. Be2 Rxg2 21.
Rxg2 Qxg2 22. Bd2 Qh1+ 23. Bf1 Qe4+ 24. Kf2 Bc6 25. Bxa5 Qxf4+ 26. Ke2 Qe4+ 27.
Kf2 Qh4+ 28. Kg1 Rg8+ 0-1

[Event "AUTO-OPEN-2470"]
[Site "http://www.queenalice.com/game.php?id=982644"]
[Date "2011.9.8"]
[Round "1"]
[White "muzzy1995"]
[Black "gedanix"]
[Result "1-0"]
[WhiteElo "1732"]
[BlackElo "1966"]

1. e4 e6 2. d4 d5 3. Nd2 c5 4. c3 Nc6 5. Ngf3 Qb6 6. Bd3 cxd4 7. cxd4 Nxd4 8.
Nxd4 Qxd4 9. Nf3 Qb4+ 10. Bd2 Qxb2 11. Rb1 Qxa2 12. Bb5+ Kd8 13. Ne5 Ke7 14.
Bb4+ Kf6 15. Ng4+ Kg6 16. Bxf8 Qa5+ 17. Kf1 a6 18. Qd4 f6 19. Bd3 e5 20. Nxe5+
1-0

[Event "Let's Play Chess!"]
[Site "http://www.queenalice.com/game.php?id=989883"]
[Date "2011.9.26"]
[Round "-"]
[White "muzzy1995"]
[Black "HelderNanques"]
[Result "0-1"]
[WhiteElo "2008"]
[BlackElo "2117"]

1. e4 d5 2. Nc3 dxe4 3. Nxe4 g6 4. d4 Bg7 5. Nf3 Bf5 6. Ng3 Bg4 7. c3 Nf6 8. Be2
O-O 9. O-O c6 10. h3 Bxf3 11. Bxf3 Re8 12. Re1 Nbd7 13. Bf4 Nd5 14. Bxd5 cxd5
15. Qd2 Qb6 16. Re2 a5 17. Rae1 e6 18. Nf1 a4 19. Ne3 Rec8 20. Ng4 a3 21. b3 Qc6
22. Rc1 b5 23. Bh6 Bh8 24. Re3 Re8 25. Bf4 Rac8 26. h4 h5 0-1

[Event "AUTO-ADV-2292"]
[Site "http://www.queenalice.com/game.php?id=990176"]
[Date "2011.9.26"]
[Round "1"]
[White "muzzy1995"]
[Black "callende"]
[Result "0-1"]
[WhiteElo "1965"]
[BlackElo "1877"]

1. e4 e5 2. Nf3 Nc6 3. Nc3 Nf6 4. d4 Bb4 5. Nxe5 Nxe5 6. dxe5 Nxe4 7. Qg4 d5 8.
Qxg7 Rf8 9. a3 Ba5 10. Bh6 Qe7 11. Qxf8+ Qxf8 12. Bxf8 Kxf8 13. b4 Bb6 14. Nxe4
dxe4 15. c3 c6 16. f4 Be3 17. g3 Bg4 18. Be2 Be6 19. c4 b5 20. cxb5 cxb5 21.
Bxb5 Bb3 22. Ke2 Bd4 23. Rac1 Be6 24. h3 Bb2 0-1

[Event "AUTO-ADV-2292"]
[Site "http://www.queenalice.com/game.php?id=990177"]
[Date "2011.9.26"]
[Round "1"]
[White "callende"]
[Black "muzzy1995"]
[Result "1-0"]
[WhiteElo "1856"]
[BlackElo "1992"]

1. e4 e6 2. e5 d6 3. Nf3 dxe5 4. Nxe5 c5 5. Qf3 Nf6 6. Bb5+ Nbd7 7. Nc3 Rb8 8.
O-O Bd6 9. Ng4 Nxg4 10. Qxg4 O-O 11. d3 Nf6 12. Qf3 a6 13. Ba4 b5 14. Bb3 Bb7
15. Ne4 Nxe4 16. dxe4 c4 17. Rd1 Qc7 18. h3 cxb3 19. axb3 Rbd8 20. Bd2 Qxc2 21.
Qg4 Qxe4 22. Rac1 Qxg4 23. hxg4 Bd5 24. b4 1-0

[Event "AUTO-MASTER-1505"]
[Site "http://www.queenalice.com/game.php?id=990697"]
[Date "2011.9.27"]
[Round "1"]
[White "majawi"]
[Black "muzzy1995"]
[Result "1-0"]
[WhiteElo "2218"]
[BlackElo "1791"]

1. e4 e6 2. d4 d5 3. Nc3 Nf6 4. Bg5 dxe4 5. Nxe4 Nbd7 6. Nf3 Be7 7. Nxf6+ Nxf6
8. Bd3 b6 9. Qe2 Bb7 10. O-O-O O-O 11. h4 c5 12. dxc5 1-0

[Event "AUTO-MASTER-1505"]
[Site "http://www.queenalice.com/game.php?id=990698"]
[Date "2011.9.27"]
[Round "1"]
[White "muzzy1995"]
[Black "majawi"]
[Result "0-1"]
[WhiteElo "1789"]
[BlackElo "2219"]

1. e4 c5 2. c3 e6 3. d4 d5 4. exd5 exd5 5. Be3 Qb6 6. dxc5 Qxb2 7. Nd2 Qxc3 8.
Nf3 Nc6 9. Rc1 Qa5 10. Be2 Nf6 11. O-O Be7 0-1

[Event "AUTO-MASTER-1505"]
[Site "http://www.queenalice.com/game.php?id=990715"]
[Date "2011.9.27"]
[Round "1"]
[White "muzzy1995"]
[Black "chaingang"]
[Result "0-1"]
[WhiteElo "1785"]
[BlackElo "2163"]

1. e4 e5 2. Nf3 Nc6 3. Nc3 Nf6 4. d4 exd4 5. Nxd4 Bb4 6. Nxc6 bxc6 7. Bd3 d5 8.
exd5 cxd5 9. O-O O-O 10. Bg5 c6 11. Qf3 Be7 12. Rae1 Rb8 13. Nd1 h6 14. Bxh6
gxh6 15. Qe3 Bg4 16. Qxe7 Bxd1 17. Qxd8 Rfxd8 18. Rxd1 Rxb2 19. a4 a5 20. h3
Rdb8 21. Rfe1 Ra2 0-1

[Event "AUTO-MASTER-1505"]
[Site "http://www.queenalice.com/game.php?id=990716"]
[Date "2011.9.27"]
[Round "1"]
[White "chaingang"]
[Black "muzzy1995"]
[Result "1-0"]
[WhiteElo "2162"]
[BlackElo "1787"]

1. d4 Nf6 2. Nf3 g6 3. c4 Bg7 4. Nc3 d5 5. cxd5 Nxd5 6. e4 Nxc3 7. bxc3 c5 8.
Bb5+ Nd7 9. O-O O-O 10. Be3 Qa5 11. Qb3 Rb8 12. Rad1 a6 13. Bd3 b5 14. dxc5 Qxc3
15. Bf4 Qxb3 16. axb3 e5 17. Be3 Bb7 18. Rc1 1-0

[Event "AUTO-MASTER-1505"]
[Site "http://www.queenalice.com/game.php?id=990717"]
[Date "2011.9.27"]
[Round "1"]
[White "muzzy1995"]
[Black "arthurgomes"]
[Result "0-1"]
[WhiteElo "2035"]
[BlackElo "1934"]

1. e4 e5 2. Nf3 Nc6 3. Nc3 Bc5 4. Nxe5 Nxe5 5. d4 Bd6 6. dxe5 Bxe5 7. f4 Bxc3+
8. bxc3 Nf6 9. e5 Ng8 10. Ba3 Ne7 11. Bd3 O-O 12. O-O d6 13. exd6 cxd6 14. Bxd6
g6 15. Ba3 Re8 16. Bb5 Qb6+ 17. Qd4 Qxb5 18. c4 Nf5 19. Qc3 Qb6+ 0-1

[Event "AUTO-MASTER-1505"]
[Site "http://www.queenalice.com/game.php?id=990718"]
[Date "2011.9.27"]
[Round "1"]
[White "arthurgomes"]
[Black "muzzy1995"]
[Result "1-0"]
[WhiteElo "1912"]
[BlackElo "2068"]

1. e4 e6 2. e5 d6 3. exd6 Bxd6 4. Nc3 Nf6 5. g3 O-O 6. Bg2 c6 7. Nge2 e5 8. O-O
Bc7 9. d4 exd4 10. Nxd4 Nbd7 11. Bg5 h6 12. Bc1 Nb6 13. Nb3 Nbd5 14. Nxd5 Nxd5
15. c4 Nf6 16. Be3 Be6 17. Rc1 a5 18. Nc5 Bc8 19. b3 Qe7 20. Re1 Qd6 21. Qc2 1-0